书目信息 |
| 题名: |
大野耐一的现场管理
|
|
| 作者: | 大野耐一 著 ;崔柳 译 | |
| 分册: | ||
| 出版信息: | 北京 机械工业出版社 2006 |
|
| 页数: | 13,183页 | |
| 开本: | 21cm | |
| 丛书名: | ||
| 单 册: | ||
| 中图分类: | F431.364 | |
| 科图分类: | ||
| 主题词: | 工业企业管理 | |
| 电子资源: | ||
| ISBN: | 7-111-18667-2 | |
| 000 | 01059nam0 2200289 450 | |
| 001 | 070730001204 | |
| 005 | 20071015160118.52 | |
| 010 | @a7-111-18667-2@dCNY24.00 | |
| 035 | @a003166517 | |
| 100 | @a20060104d2006 em y0chiy0110 ea | |
| 101 | 1 | @achi@cjpn |
| 102 | @aCN@b110000 | |
| 105 | @ay z 000yy | |
| 200 | 1 | @a大野耐一的现场管理@Ada ye nai yi de xian chang guan li@dWorkplace management@f(日)大野耐一(Taiichi Ohno)著@g崔柳等译@zeng |
| 210 | @a北京@c机械工业出版社@d2006 | |
| 215 | @a13,183页@d21cm | |
| 305 | @a株式会社日本能率协会管理中心授权出版 | |
| 330 | @a本书采用大野语录的形式,全面阐释了大野耐一始创的“丰田生产方式”的思想内涵和精神,包括“潜藏在意识中的错觉”、“不要害怕机会损失”、“限量经营即低成本制造”等。 | |
| 510 | 1 | @aWorkplace management@zeng |
| 601 | 02 | @a丰田汽车公司@x工业企业管理@x经验 |
| 601 | 02 | @a丰田汽车公司 |
| 606 | 0 | @a工业企业管理 |
| 690 | @aF431.364@v4 | |
| 701 | 0 | @c(日)@a大野耐一@Ada ye nai yi@f(1912~1990.5)@4著 |
| 702 | 0 | @a崔柳@Acui liu@4译 |
| 801 | 0 | @aCN@c20071015 |
| 905 | @dF431.364@eD089 | |
| 大野耐一的现场管理=Workplace management/(日)大野耐一(Taiichi Ohno)著/崔柳等译.-北京:机械工业出版社,2006 |
| 13,183页;21cm |
| ISBN 7-111-18667-2:CNY24.00 |
| 本书采用大野语录的形式,全面阐释了大野耐一始创的“丰田生产方式”的思想内涵和精神,包括“潜藏在意识中的错觉”、“不要害怕机会损失”、“限量经营即低成本制造”等。 |
| ● |
| 相关链接 |
|
|
|
正题名:大野耐一的现场管理
索取号:F431.364/D089
 
预约/预借
| 序号 | 登录号 | 条形码 | 馆藏地/架位号 | 状态 | 备注 |
| 1 | 652757 | 206527579 | 社科库409/409社科库 37排2列4层/ [索取号:F431.364/D089] | 在馆 | |
| 2 | 652758 | 206527588 | 社科库409/409社科库 37排2列4层/ [索取号:F431.364/D089] | 在馆 | |
| 3 | 652759 | 206527597 | 社科二线422/409社科库 37排2列4层/ [索取号:F431.364/D089] | 在馆 | |
| 4 | 652760 | 206527604 | 社科二线422/422社科库 47排3列2层/ [索取号:F431.364/D089] | 在馆 | |
| 5 | 652761 | 206527613 | 社科库409/409社科库 37排2列4层/ [索取号:F431.364/D089] | 在馆 |